La información hacia el nuevo milenio (Record no. 156900)
[ view plain ]
| 000 -LEADER | |
|---|---|
| fixed length control field | 00808nam a22002417a 4500 |
| 005 - DATE AND TIME OF LATEST TRANSACTION | |
| control field | 20210708101314.0 |
| 008 - FIXED-LENGTH DATA ELEMENTS--GENERAL INFORMATION | |
| fixed length control field | 210708b mx ||||| |||| 00| 0 spa d |
| 020 ## - INTERNATIONAL STANDARD BOOK NUMBER | |
| International Standard Book Number | 9683640974 |
| 050 04 - LIBRARY OF CONGRESS CALL NUMBER | |
| Classification number | KGF3015 |
| Item number | I54 1994 |
| 245 03 - TITLE STATEMENT | |
| Title | La información hacia el nuevo milenio |
| Statement of responsibility, etc | / Ruben Alvárez Mendiola,...[et al.] |
| 250 ## - EDITION STATEMENT | |
| Edition statement | 1a ed. |
| 260 ## - PUBLICATION, DISTRIBUTION, ETC. (IMPRINT) | |
| Place of publication, distribution, etc | México : |
| Name of publisher, distributor, etc | Universidad Nacional Autónoma de México, |
| Date of publication, distribution, etc | 1994 |
| 300 ## - PHYSICAL DESCRIPTION | |
| Extent | 255 p. ; |
| Dimensions | 20 cm. |
| 611 2# - SUBJECT ADDED ENTRY--MEETING NAME | |
| Meeting name or jurisdiction name as entry element | Coloquio La información hacia el nuevo milenio |
| 650 #7 - SUBJECT ADDED ENTRY--TOPICAL TERM | |
| Source of heading or term | lemb |
| Topical term or geographic name as entry element | Prensa y estado |
| 650 #7 - SUBJECT ADDED ENTRY--TOPICAL TERM | |
| Source of heading or term | lemb |
| Topical term or geographic name as entry element | Periodismo |
| General subdivision | Ética |
| 650 #7 - SUBJECT ADDED ENTRY--TOPICAL TERM | |
| Source of heading or term | lemb |
| Topical term or geographic name as entry element | Información |
| General subdivision | Globalización |
| 650 #7 - SUBJECT ADDED ENTRY--TOPICAL TERM | |
| Source of heading or term | lemb |
| Topical term or geographic name as entry element | Journalismo |
| General subdivision | Leadership |
| 700 1# - ADDED ENTRY--PERSONAL NAME | |
| Personal name | Alvárez Mendiola, Rubén |
| 700 1# - ADDED ENTRY--PERSONAL NAME | |
| Personal name | Cardona, Rafael, |
| 700 1# - ADDED ENTRY--PERSONAL NAME | |
| Personal name | Cordera Campos, Rolando |
| 942 ## - ADDED ENTRY ELEMENTS (KOHA) | |
| Source of classification or shelving scheme | Biblioteca del Cogreso de los Estados Unidos |
| Koha item type | Libro |
| Estado de pérdida | Fuente de clasificación | Estado del daño | No para préstamo | Ubicación permanente | Ubicación actual | Apartado o colección | Fecha de adquisición | Edición | Dependencia de educación superior (DES) | Área del conocimiento | Total Checkouts | Clasificación | Código de Barras | Date last seen | Número de copia | Costo por reposición | Tipo de recurso |
|---|---|---|---|---|---|---|---|---|---|---|---|---|---|---|---|---|---|
| Biblioteca del Cogreso de los Estados Unidos | Biblioteca del Posgrado en Derecho | Biblioteca del Posgrado en Derecho | Colección Ernesto Villanueva | 08/07/2021 | 1a ed. | Derecho | Ciencias Sociales y Administrativas | KGF3015 I54 1994 | BPD000001783 | 08/07/2021 | 1 | 1.00 | Libro |